000
00300nam a22001337a 4500
008
181022b xxu||||| |||| 00| 0 eng d
020
_a
9780534199500
041
_a
eng
080
_2
8th
_a
574
100
_a
9
101
_a
MJE
245
_a
Living in the Environment
_c
Miller, G.T
942
_2
udc
_c
BK
999
_c
50534
_d
50534